000 00361nam a22001337a 4500
008 260302b |||||||| |||| 00| 0 eng d
100 _aDR. V. DESAI
110 _aDR. K. KAUR
245 _aENTREPRENEURSHIP DEVELOPMENT & MANAGEMENT
250 _a2023
260 _aHIMALAYA PUBLISHING HOUSE PVT LTD
_bBEST BOOKS
_cMUMBAI
300 _aLMKCOHK
942 _cBK
999 _c1216835
_d1216835